Censura y Derechos Humanos:
El presente trabajo pretende presentar una visión crítica sobre el pasado y presente de la comunicación e información en Guatemala. La primera parte es una descripción histórica del papel de la prensa nacional durante la época colonial e independiente, con énfasis en el periodo revolucionario que in...
Shranjeno v:
| Glavni avtor: | |
|---|---|
| Format: | Texto |
| Teme: | |
| Oznake: |
Označite
Brez oznak, prvi označite!
|
MARC
| LEADER | 00000 a a2200000 04500 | ||
|---|---|---|---|
| 001 | 16379 | ||
| 003 | |||
| 040 | |||
| 100 | |a Morales Alvarado, Sergio Fernando | ||
| 245 | |a Censura y Derechos Humanos: |c reflexión histórico-jurídica sobre el derecho a la comunicación en Guatemala / |c Sergio Fernando Morales Alvarado | ||
| 520 | |a El presente trabajo pretende presentar una visión crítica sobre el pasado y presente de la comunicación e información en Guatemala. La primera parte es una descripción histórica del papel de la prensa nacional durante la época colonial e independiente, con énfasis en el periodo revolucionario que inicia en el 44, la contrarrevolución de 1954, los años de la llamada guerra sucia, la transición a la democracia. La segunda analiza la estructura normativa vigente sobre el derecho a informar y se informado, los límites, los procedimientos que garantizan al ciudadano los derechos de emisión del pensamiento y los derechos personales | ||
| 650 | |a PRENSA | ||
| 650 | |a ACCESO A LA INFORMACION | ||
| 650 | |a LIBERTAD DE INFORMACION | ||
| 650 | |a BARRERAS A LA COMUNICACION | ||
| 650 | |a HISTORIA | ||
| 650 | |a ACTIVIDAD MILITAR | ||
| 650 | |a MOVIMIENTOS SOCIALES | ||
| 650 | |a AUTORITARISMO | ||
| 650 | |a REPRESION | ||
| 650 | |a CENSURA | ||
| 773 | |g número 37; páginas 299-373 | ||
| 999 | |c 36454 |d 36454 | ||
